1676 1012 1563 1709 1842 1040 1743 1308 1975 1123 1457 1438 1629 1285 1771 1069 1926 1144 1287 1637 1790 1383 1717 1857 1507 1475 1649 1224 1468 1500 1767 1686 1652 1180 1682 1067 1495 1004 1143 1903 1840 1614 1290 1768 1348 1997 1837 1808 1511 1427 1806 1666 1946 1512 1530 1739 1792 1860 1191 1840 1894 1656 1518 1218 1452 1223 1140 1559 1558 1175 1485 1459 1267 1358 1945 2000 1033 1568 1118 1582 1432 1829 1694 1658 1458 1340 1748 1219 1117 1474 1774 1900 1128 1360 1254 1818 1747 1258 1034 BCNSPRNW ULIB Ver.6.0+V

เปลี่ยนเป็นภาษาไทย

Change to English
 แสดงรายละเอียดบรรณานุกรม
  กลับหน้าหลัก

Brief Record : Get Marc (ISO 2709) : E-mail record : QR code < ปิดหน้าต่าง
LEADER : 00000nam 2200000uu 4500
001    13399120892
003     ULIB
008    080317s2550 th a 000 0 tha d
020    ^a9789748485737
040    ^acl
050  4 ^aDS569^bส941ว 2550
100 0  ^aสมรักษ์ ชัยสิงห์กานานนท์
245 10 ^aวัฒนธรรม ความตาย กับความหลากหลายทางชาติพันธุ์ :^bมอญ โซ่งกะเหรี่ยง ม้ง เย้า /^cสมรักษ์ ชัยสิงห์กานานนท์, สรินยาคำเมือง, อธิตา สุนทโรทก
250    ^aพิมพ์ครั้งที่
260    ^aกรุงเทพฯ :^bสำนักวิจัยสังคมและสุขภาพ (สวสส.),^c2550
300    ^avii, 184หน้า :^bภาพประกอบ ;^c30 ซม.
650  4 ^aกลุ่มชาติพันธุ์
650  4 ^aกลุ่มชาติพันธุ์^xผู้ป่วย^xการดูแล
650  4 ^aไทย^xความเป็นอยู่และประเพณี
650  4 ^aมอญ^xความเป็นอยู่และประเพณี
650  4 ^aโซ่ง^xความเป็นอยู่และประเพณี
650  4 ^aกะเหรี่ยง^xความเป็นอยู่และประเพณี
650  4 ^aม้ง^xความเป็นอยู่และประเพณี
650  4 ^aเย้า^xความเป็นอยู่และประเพณี
650  4 ^aชาวเขา^xพิธีศพ
650  4 ^aชนกลุ่มน้อย
700 0  ^aสรินยา คำเมือง
700 0  ^aอธิตา สุนทโรทก
945    ^p120^l0^i14987
995    ^aกัณชพร
999    ^aกัณชพร
รายการนี้ยังไม่มีแท็ก
คุณยังไม่ได้ล็อกอิน คุณสามารถมีกิจกรรมร่วมกับเว็บไซต์ได้ แต่ต้องล็อกอินก่อน ::
  ล็อกอิน

รายการสื่อสารสนเทศ

ลำดับที่ ประเภท เลขเรียก/บาร์โค้ด สถานที่ สถานะ
1. วิทยาศาสตร์การแพทย์ และสุขภาพ
วิทยาศาสตร์การแพทย์ และสุขภาพ
DS569 ส941ว 2550  
  Barcode: 14987
ห้องสมุดวิทยาเขตสวรรค์ประชารักษ์
►หนังสือทั่วไป
บนชั้น

รายการใกล้เคียง
    ผู้แต่ง [สมรักษ์ ชัยสิงห์กานานนท์]

    หัวเรื่อง [กลุ่มชาติพันธุ์]
    หัวเรื่อง [ชนกลุ่มน้อย]

BibComment


ยังไม่เคยถูกคอมเมนท์

คอมเมนท์ทรัพยากรรายการนี้
  คอมเมนท์: วัฒนธรรม ความตาย..


 Copyright 2026. Bcnsprnw @Library